00983naa a2200169 a 450000100080000000500110000800800410001910000170006024500490007726000090012652005600013565000120069565000120070765000120071965000110073177300710074211357182025-05-20 2025 bl uuuu u00u1 u #d1 aALVES, J. R. aFeij??o - abril/2025.h[electronic resource] c2025 aO objetivo deste documento ?? apresentar de forma sucinta as principais informa????es conjunturais referentes ao desenvolvimento da produ????o e dos mercados para os produtos selecionados. Para isso, o Boletim Agropecu??rio cont??m informa????es referentes ao ??ltimo m??s e at?? a primeira quinzena do m??s seguinte. Al??m das informa????es por produto, eventualmente poder??o ser divulgados neste documento textos com an??lises conjunturais pertinentes e oportunas, chamando a aten????o para aspectos n??o especificamente voltados ao mercado do produto. afeij??o amercado apre??os asafras tBoletim Agropecu??rio, Florian??polis, SCgn. 143, p. 19-22, 2025.